LEADER 01527nam 2200517 a 450 001 996248101103316 005 20221108044435.0 010 $a0-295-95218-0 010 $a0-295-95338-1 024 7 $a2027/heb06248 035 $a(CKB)2660000000000336 035 $a(dli)HEB06248 035 $a(SSID)ssj0000409660 035 $a(PQKBManifestationID)11282180 035 $a(PQKBTitleCode)TC0000409660 035 $a(PQKBWorkID)10347747 035 $a(PQKB)10536359 035 $a(MiU)MIU01000000000000006863003 035 $a(EXLCZ)992660000000000336 100 $a19820526h19741973 uy 0 101 0 $aeng 135 $aurmnummmmuuuu 181 $ctxt 182 $cc 183 $acr 200 10$aHow musical is man?$b[electronic resource] /$fJohn Blacking 205 $a1st paperback ed. 210 $aSeattle $cUniversity of Washington Press$d1974, c1973 215 $a1 online resource (xii, 116 p., [12] p. of plates )$cill., music ; 225 1 $aJohn Danz lectures 300 $aBibliographic Level Mode of Issuance: Monograph 410 0$aJohn Danz lectures. 410 0$aACLS Humanities E-Book. 606 $aMusical ability 606 $aEthnomusicology 615 0$aMusical ability. 615 0$aEthnomusicology. 676 $a780/.1 700 $aBlacking$b John$0446242 712 02$aAmerican Council of Learned Societies. 801 0$bMiU 801 1$bMiU 906 $aBOOK 912 $a996248101103316 996 $aHow musical is man$924117 997 $aUNISA LEADER 03331oas 2201225 a 450 001 9910146525103321 005 20260203110038.0 011 $a1468-2052 035 $a(DE-599)ZDB2188490-0 035 $a(OCoLC)42456136 035 $a(CONSER) 2005263019 035 $a(CKB)954927741853 035 $a(DE-599)2188490-0 035 $a(EXLCZ)99954927741853 100 $a19990929a19889999 sy 101 0 $aeng 135 $aurmnu|||||||| 181 $ctxt$2rdacontent 182 $cc$2rdamedia 183 $acr$2rdacarrier 200 10$aArchives of disease in childhood$iFetal and neonatal edition 210 $a[London] $cBMJ Pub. Group 300 $aRefereed/Peer-reviewed 311 08$a1359-2998 517 3 $aFetal and neonatal edition 517 3 $aADC fetal and neonatal edition 606 $aChildren$xDiseases$vPeriodicals 606 $aInfants$xDiseases$vPeriodicals 606 $aNewborn infants$xDiseases$vPeriodicals 606 $aFetus$xDiseases$vPeriodicals 606 $aInfant, Newborn, Diseases 606 $aFetal Diseases 606 $aPediatrics 606 $aEnfants$xMaladies$vPe?riodiques 606 $aNourrissons$xMaladies$vPe?riodiques 606 $aNouveau-ne?s$xMaladies$vPe?riodiques 606 $aF?tus$xMaladies$vPe?riodiques 606 $aF?tus$xMaladies 606 $aNouveau-ne?s$xMaladies 606 $aPe?diatrie 606 $aChildren$xDiseases$2fast$3(OCoLC)fst00854907 606 $aFetus$xDiseases$2fast$3(OCoLC)fst00923438 606 $aInfants$xDiseases$2fast$3(OCoLC)fst00972126 606 $aNewborn infants$xDiseases$2fast$3(OCoLC)fst01432010 608 $aPeriodical. 608 $aperiodicals.$2aat 608 $aPeriodicals.$2fast 608 $aPeriodicals.$2lcgft 608 $aPe?riodiques.$2rvmgf 615 0$aChildren$xDiseases 615 0$aInfants$xDiseases 615 0$aNewborn infants$xDiseases 615 0$aFetus$xDiseases 615 2$aInfant, Newborn, Diseases. 615 2$aFetal Diseases. 615 22$aPediatrics. 615 6$aEnfants$xMaladies 615 6$aNourrissons$xMaladies 615 6$aNouveau-ne?s$xMaladies 615 6$aF?tus$xMaladies 615 6$aF?tus$xMaladies. 615 6$aNouveau-ne?s$xMaladies. 615 6$aPe?diatrie. 615 7$aChildren$xDiseases. 615 7$aFetus$xDiseases. 615 7$aInfants$xDiseases. 615 7$aNewborn infants$xDiseases. 676 $a618.9201 712 02$aRoyal College of Paediatrics and Child Health 801 0$bF#A 801 1$bF#A 801 2$bOCLCQ 801 2$bMBU 801 2$bTXA 801 2$bFQM 801 2$bOCLCQ 801 2$bBUF 801 2$bOCLCF 801 2$bEUW 801 2$bOCLCQ 801 2$bZ5A 801 2$bOCLCO 801 2$bOCLCA 801 2$bAU@ 801 2$bOCLCO 801 2$bWYU 801 2$bU3W 801 2$bVT2 801 2$bOCLCO 801 2$bOCLCQ 801 2$bOCLCO 801 2$bOCLCQ 801 2$bIOY 801 2$bOCLCL 801 2$bCSU 801 2$bUKMGB 801 2$bLIP 801 2$bXFH 801 2$bOCLCL 801 2$bSFB 801 2$bOCLCQ 906 $aJOURNAL 912 $a9910146525103321 996 $aArchives of disease in childhood$9800299 997 $aUNINA